| 000 | 00456nam a2200193Ia 4500 | ||
|---|---|---|---|
| 005 | 20250425161131.0 | ||
| 008 | 250425s9999 xx 000 0 und d | ||
| 041 | _aspa | ||
| 082 | _a001.6424 | ||
| 245 | 0 | _aFORTRAN Y COMPUTACION | |
| 250 | _a1A ED. | ||
| 260 | _aS.L. | ||
| 260 |
_aSin Pais _bS.E. _c1900 |
||
| 300 | _a60 | ||
| 650 | _aFORTRAN (LENGUAJE DE PROGRAMACION) | ||
| 650 | _aLENGUAJES DE PROGRAMACION | ||
| 942 | _c01 | ||
| 010 | _a13415 | ||
| 999 |
_c203067 _d203067 |
||